000
00272nam a2200097Ia 4500
001
660457
005
20250826160114.0
008
250824s9999 xx 000 0 und d
245
0
_a
HASTALIK HASTASI ANTİK OKUL KLASİKLERİ
_c
MOLİERE
260
_b
ANTİK DÜNYA KLASİKLERİ
999
_c
660457
_d
660457